[Event "PER-ch"]
[Site "Lima"]
[Date "2023.09.03"]
[Round "8"]
[White "Bernal Alva, Rodrigo"]
[Black "Paiva Benites, Felix Paul"]
[Result "0-1"]
[WhiteElo "1170"]
[BlackElo "1504"]
[PlyCount "88"]
[EventDate "2023.08.29"]
[EventType "swiss"]
[EventRounds "9"]
[EventCountry "PER"]
[SourceTitle "EXT 2024"]
[Source "ChessBase"]
[SourceDate "2023.10.10"]
[SourceVersion "1"]
[SourceVersionDate "2023.10.10"]
[SourceQuality "1"]

1. d4 c5 2. c3 e6 3. Bf4 Qb6 4. Qb3 d5 5. e3 Bd7 6. Nf3 c4 7. Qc2 Nc6 8. Nbd2 Nf6 9. Ne5 Be7 10. Be2 0-0 11. Ndf3 Be8 12. h4 Nxe5 13. Bxe5 Nd7 14. g4 f6 15. Bg3 Bg6 16. Qd2 Bd6 17. Bxd6 Qxd6 18. 0-0-0 b5 19. g5 Qa6 20. a3 Qa4 21. Rdg1 b4 22. Bd1 Qa6 23. cxb4 c3 24. bxc3 Rac8 25. Kb2 Nb6 26. Bb3 Be4 27. Rh3 Rc7 28. gxf6 Rxf6 29. Ne5 Qc8 30. f3 Bf5 31. Rhg3 Kh8 32. Qe1 h6 33. R1g2 Bh7 34. h5 Rf5 35. Rh3 Qe8 36. Qg3 Rxe5 37. Qxe5 Qc6 38. e4 Qxc3+ 39. Ka2 Bxe4 40. Rhg3 Bb1+ 41. Kxb1 Qxb3+ 42. Rb2 Qd3+ 43. Ka2 Nc4 44. Qxc7 Qxa3+ 0-1